| 000 | 00906nam a2200217 i 4500 | ||
|---|---|---|---|
| 001 | 161217 | ||
| 003 | ES-MaACL | ||
| 005 | 20240419183719.0 | ||
| 008 | 950308s1845 sp |||| | spa d | ||
| 100 | 1 |
_aPacheco, Joaquín Francisco, _d1808-1865 _988121 |
|
| 245 | 1 | 0 |
_aComentario a las leyes de desvinculación / _cpor Joaquín Francisco Pacheco. |
| 250 | _a2ª ed. | ||
| 260 |
_aMadrid : _b[s.n.], _c1845 ( _fImp. de la Sociedad Literaria y Tipográfica) |
||
| 300 |
_a178 p. ; _c22 cm. |
||
| 530 | _aDisponible en formato digital. | ||
| 650 | 4 |
_aDesamortización- _zEspaña- _yS.XIX. _9175838 |
|
| 852 | 4 |
_aES-MaACL _jG-4792 _z- Enc. pasta española |
|
| 852 | 4 |
_aES-MaACL _jE-13128(2) _z- Enc. hol., enc. con otras obras |
|
| 856 | 4 |
_uhttp://www.bibliotecavirtualdeandalucia.es/catalogo/es/consulta/registro.do?id=8726 _zBiblioteca Virtual de Andalucía |
|
| 999 |
_c161217 _d161217 |
||